<?xml version="1.0" encoding="UTF-8"?>
<record
    xmlns:xsi="http://www.w3.org/2001/XMLSchema-instance"
    xsi:schemaLocation="http://www.loc.gov/MARC21/slim http://www.loc.gov/standards/marcxml/schema/MARC21slim.xsd"
    xmlns="http://www.loc.gov/MARC21/slim">

  <leader>01495nam a22001577a 4500</leader>
  <datafield tag="999" ind1=" " ind2=" ">
    <subfield code="c">515072</subfield>
    <subfield code="d">515072</subfield>
  </datafield>
  <controlfield tag="008">210109b           ||||| |||| 00| 0 eng d</controlfield>
  <datafield tag="100" ind1=" " ind2=" ">
    <subfield code="a">Shon, J, Porumbescu, G.A and  Christensen, R.K. </subfield>
    <subfield code="9">23617</subfield>
  </datafield>
  <datafield tag="245" ind1=" " ind2=" ">
    <subfield code="a">Can budget ambiguity crowd out intrinsic motivation? Longitudinal evidence from federal executive departments</subfield>
  </datafield>
  <datafield tag="260" ind1=" " ind2=" ">
    <subfield code="a">Public Administration </subfield>
  </datafield>
  <datafield tag="300" ind1=" " ind2=" ">
    <subfield code="a">98(1), 2020: p.194-209</subfield>
  </datafield>
  <datafield tag="520" ind1=" " ind2=" ">
    <subfield code="a">While some scholars have assessed how various features of organizational structure shape intrinsic motivation, the role of budgets and, in particular, programme funding has been overlooked. To address this gap in the literature, we examine how programme funding decisions impact employee motivation. Referencing previous work, we hypothesize that funding choices that emphasize some programmes over others signal clearer organizational goals for employees, thereby increasing intrinsic motivation. In contrast, departments that do not use their budgets to signal clear goals can run the risk of reducing their employees&#x2019; intrinsic motivation. We empirically investigate this hypothesis within the context of the US Federal executive departments, constructing a longitudinal dataset (2010&#x2013;15) from multiple sources. Findings support our hypothesis. Employees in departments that more evenly fund their programmes report lower levels of intrinsic motivation. - Reproduced </subfield>
  </datafield>
  <datafield tag="650" ind1=" " ind2=" ">
    <subfield code="a">Employee</subfield>
    <subfield code="9">23618</subfield>
  </datafield>
  <datafield tag="773" ind1=" " ind2=" ">
    <subfield code="a">Public Administration  </subfield>
  </datafield>
  <datafield tag="906" ind1=" " ind2=" ">
    <subfield code="a">MOTIVATION</subfield>
  </datafield>
  <datafield tag="942" ind1=" " ind2=" ">
    <subfield code="c">AR</subfield>
  </datafield>
  <datafield tag="952" ind1=" " ind2=" ">
    <subfield code="0">0</subfield>
    <subfield code="1">0</subfield>
    <subfield code="2">ddc</subfield>
    <subfield code="4">0</subfield>
    <subfield code="7">0</subfield>
    <subfield code="9">389105</subfield>
    <subfield code="a">IIPA</subfield>
    <subfield code="b">IIPA</subfield>
    <subfield code="d">2021-01-09</subfield>
    <subfield code="h">98(1), 2020: p.194-209</subfield>
    <subfield code="p">AR123850</subfield>
    <subfield code="r">2021-01-09</subfield>
    <subfield code="y">AR</subfield>
  </datafield>
</record>
